Statistics for Old Names Quiz

Click here to take the quiz!

General Stats

  • This quiz has been taken 44 times
    (16 since last reset)
  • The average score is 7 of 14

Answer Stats

New NameOld Name% Correct
IstanbulConstantinople
83%
ThailandSiam
83%
IranPersia
75%
FranceSubaig
75%
New YorkNew Amsterdam
67%
TurkeyOttoman Empire
50%
BeijingPeking
50%
Ho Chi Minh CitySaigon
50%
KolkataCalcutta
42%
TunisCarthage
42%
BengaluruBangalore
25%
United KingdomBritish Empire
17%
GermanyDeutschland
17%
ChennaiMadras
17%

Score Distribution

Percentile by Number Answered

Percent of People with Each Score

Your Score History

You have not taken this quiz since the last reset